Länder mit der größten durchschnittlichen Penislänge - Statistiken

Allgemein
  • Dieses Quiz wurde 861 mal gespielt
  • Das Durchschnittsergebnis liegt bei 6 aus 20
Antwortstatistiken
Antwort % Korrekt
Frankreich
56%
Italien
48%
Kanada
43%
Senegal
43%
Agypten
42%
Sudan
41%
Kamerun
40%
Niederlande
40%
Angola
33%
Tschad
33%
Simbabwe
26%
Sambia
24%
Zentralafrikanische Republik
24%
Gambia
23%
Ecuador
19%
Kuba
18%
Bolivien
16%
Haiti
14%
Paraguay
11%
Georgien
4%
Keine übereinstimmenden Quizze gefunden
Verteilung der Resultate
Anzahl Personen mit jedem Resultat
Perzentil nach korrekt beantworteten Fragen
Ihre Resultats-Entwicklung
Sie haben dieses Quiz noch nicht gespielt